000 00519nam a2200205Ia 4500
005 20240823022115.0
008 240823s9999||||xx |||||||||||||| ||und||
020 _a0-521-68724-1
041 _aENGLISH
082 _A536.7 P6
100 _a"O'Connell,John P"
245 0 _aThermodynamics : Fundamentals for Applications
250 _a1st
260 _c2006
_b"Foundation Books,New "
_aNew Delhi
500 _aYES
650 _aThermodynamics
_bPhysics
700 _a Haile J M
942 _cBK
999 _c178373
_d178373